000 00752nas a2200289 4500
001 BR9502804
003 BR-BrBNA
005 20231205094025.0
007 ta
008 230509b bl.|||p| |||| 00| 00por d
040 _aBR-BrBNA
_bpor
_cBiblioteca Nacional de Agricultura
041 _a(Pt)
072 _aL73
100 1 _aZezza Neto, L.
100 1 _aRodrigues, G.
100 1 _aPeres, J.A.
100 1 _aBadini, K.B.
245 1 _aTransplante de tumor de Sticker
650 _aCao
650 _aTumor de Sticker
650 _aLinfossarcoma
650 _aTransplante
650 _aVagina
773 0 _tUNIMAR Ciencias (Brazil)
_x
_g(1994), v. 2 p. 5-8
_wBR9502804
909 _a202311
_bLúcia
_c55
_dLúcia Elande
942 _2AGRIS
_n0
_cANA
999 _c141650
_d141650